Optimization for Machnine Learning (Record no. 12220)
[ view plain ]
| 000 -LEADER | |
|---|---|
| fixed length control field | 00426nam a22001817a 4500 |
| 003 - CONTROL NUMBER IDENTIFIER | |
| control field | OSt |
| 008 - FIXED-LENGTH DATA ELEMENTS--GENERAL INFORMATION | |
| fixed length control field | 240221b |||||||| |||| 00| 0 eng d |
| 020 ## - INTERNATIONAL STANDARD BOOK NUMBER | |
| International Standard Book Number | 9788120347540 |
| 082 ## - DEWEY DECIMAL CLASSIFICATION NUMBER | |
| Classification number | 006.31 SRO |
| 100 ## - MAIN ENTRY--PERSONAL NAME | |
| Personal name | SRA,Suvrit |
| 245 ## - TITLE STATEMENT | |
| Title | Optimization for Machnine Learning |
| 250 ## - EDITION STATEMENT | |
| Edition statement | 1st Ed |
| 260 ## - PUBLICATION, DISTRIBUTION, ETC. (IMPRINT) | |
| Place of publication, distribution, etc | New Delhi |
| Name of publisher, distributor, etc | PHI |
| Date of publication, distribution, etc | 2012 |
| 300 ## - PHYSICAL DESCRIPTION | |
| Extent | 494 |
| 700 ## - ADDED ENTRY--PERSONAL NAME | |
| Personal name | NOWOZIN,Sebastian |
| 700 ## - ADDED ENTRY--PERSONAL NAME | |
| Personal name | WRIGHT,Stephen J |
| 942 ## - ADDED ENTRY ELEMENTS (KOHA) | |
| Source of classification or shelving scheme | Dewey Decimal Classification |
| Withdrawn status | Lost status | Source of classification or shelving scheme | Damaged status | Not for loan | Collection code | Home library | Current library | Date acquired | Source of acquisition | Currency | Cost, normal purchase price | Bill Number | Total Checkouts | Full call number | Acc. no. / Barcode | Date last seen | Actual Cost, discounted price | Bill Date | Koha item type | Date last borrowed | Checked out |
|---|---|---|---|---|---|---|---|---|---|---|---|---|---|---|---|---|---|---|---|---|---|
| Dewey Decimal Classification | B.Tech(CSE) | PIET C-LIBRARY | PIET C-LIBRARY | 27/01/2024 | Zafaa Books and Distributors | In rupees | 795.00 | ZBD0349 | 006.31 SRO | 35470 | 21/02/2024 | 556.50 | 27/01/2024 | Reference Books | |||||||
| Dewey Decimal Classification | B.Tech(CSE) | PIET C-LIBRARY | PIET C-LIBRARY | 27/01/2024 | Zafaa Books and Distributors | In rupees | 795.00 | ZBD0349 | 3 | 006.31 SRO | 35471 | 14/04/2026 | 556.50 | 27/01/2024 | Text Books | 31/03/2026 | |||||
| Dewey Decimal Classification | B.Tech(CSE) | PIET C-LIBRARY | PIET C-LIBRARY | 27/01/2024 | Zafaa Books and Distributors | In rupees | 795.00 | ZBD0349 | 1 | 006.31 SRO | 35472 | 15/05/2025 | 556.50 | 27/01/2024 | Text Books | 15/05/2025 | 01/12/2025 | ||||
| Dewey Decimal Classification | B.Tech(CSE) | PIET C-LIBRARY | PIET C-LIBRARY | 27/01/2024 | Zafaa Books and Distributors | In rupees | 795.00 | ZBD0349 | 1 | 006.31 SRO | 35473 | 01/04/2024 | 556.50 | 27/01/2024 | Text Books | 15/03/2024 | |||||
| Dewey Decimal Classification | B.Tech(CSE) | PIET C-LIBRARY | PIET C-LIBRARY | 27/01/2024 | Zafaa Books and Distributors | In rupees | 795.00 | ZBD0349 | 3 | 006.31 SRO | 35474 | 24/03/2025 | 556.50 | 27/01/2024 | Text Books | 11/03/2025 | |||||
| Dewey Decimal Classification | B.Tech(CSE) | PIET C-LIBRARY | PIET C-LIBRARY | 27/01/2024 | Zafaa Books and Distributors | In rupees | 795.00 | ZBD0349 | 006.31 SRO | 35475 | 21/02/2024 | 556.50 | 27/01/2024 | Text Books | |||||||
| Dewey Decimal Classification | B.Tech(CSE) | PIET C-LIBRARY | PIET C-LIBRARY | 27/01/2024 | Zafaa Books and Distributors | In rupees | 795.00 | ZBD0349 | 006.31 SRO | 35476 | 21/02/2024 | 556.50 | 27/01/2024 | Text Books | |||||||
| Dewey Decimal Classification | B.Tech(CSE) | PIET C-LIBRARY | PIET C-LIBRARY | 27/01/2024 | Zafaa Books and Distributors | In rupees | 795.00 | ZBD0349 | 006.31 SRO | 35477 | 21/02/2024 | 556.50 | 27/01/2024 | Text Books |